| 000 | 00640nam a22002177a 4500 | ||
|---|---|---|---|
| 999 |
_c8136 _d8136 |
||
| 001 | 21708 | ||
| 003 | BD-DhUAP | ||
| 005 | 20220723103354.0 | ||
| 008 | 220628b ||||| |||| 00| 0 eng d | ||
| 040 |
_aBD-DhUAP _beng _cBD-DhUAP _dBD-DhUAP |
||
| 082 |
_223 _a346.0436 CHO |
||
| 110 | _aChowdhury's, Obaidul Huq. | ||
| 245 |
_aTransfer of property Act [IV of 1882] / _bObaidul Huq Chowdhury's. |
||
| 250 | _a4th Edition: | ||
| 260 |
_aDhaka: _bDhaka Law reports. _c2013. |
||
| 300 |
_a[32],580 Pages; _b26 cm. |
||
| 500 | _aSpine title: Transfer of Property Act. | ||
| 501 | _aIncludes Index. | ||
| 710 | _aBangladesh. | ||
| 942 |
_2ddc _cBK |
||